Russian boy names starting with V - Statistics

General Stats
  • This quiz has been taken 104 times
  • The average score is 7 of 33
Answer Stats
Answer % Correct
Vlad
93%
Vladimir
88%
Viktor
71%
Vasil
48%
Vasiliy
48%
Vladislav
43%
Vadim
40%
Valentin
40%
Valeriy
35%
Vitaliy
26%
Viacheslav
20%
Vsevolod
19%
Veniamin
16%
Vladlen
13%
Varfolomey
9%
Valdemar
6%
Valerian
6%
Venedikt
6%
Vilen
6%
Vlas
6%
Varsonofiy
5%
Velimir
5%
Vissarion
5%
Vseslav
5%
Varlam
4%
Vikentiy
4%
Vakula
3%
Vassian
3%
Vavila
1%
Voislav
1%
Vonifatiy
1%
Vysheslav
1%
Ventsislav
0%
No matching quizzes found
Score Distribution
Percent of People with Each Score
Percentile by Number Answered
Your Score History
You have not taken this quiz